Cselekvő racionalitás.

Elmentve itt :
Bibliográfiai részletek
Szerző: Kampis György
Adatforrás:Philobibl
Forrásdokumentuma:Világosság 44
2003. 3-4., 71-90.p. p.
Dokumentumtípus: Cikk
Nyelv:magyar
LEADER 00280nab a2200097 c 4500
001 bibDOK00028310
005 20200924122321.4
008 060518s2003 hu hun
100 1 |a Kampis György 
245 1 0 |a Cselekvő racionalitás.  |c Kampis György 
773 0 |t Világosság 44  |g 2003. 3-4., 71-90.p. p.